LEADER 00894nam0-22003251i-450- 001 990003956030403321 005 20110928123906.0 010 $a88-230-0509-4 035 $a000395603 035 $aFED01000395603 035 $a(Aleph)000395603FED01 035 $a000395603 100 $a20030910d2002----km-y0itay50------ba 101 0 $aita 102 $aIT 200 1 $a<>difficile sfida$fCesare Damiano, Angelo Faccinetto$gprefazione di Mimmo Carrieri 210 $aMilano$cEdiesse$d2002 215 $a171 p.$d20 cm 700 1$aDamiano,$bCesare$0283503 701 1$aFaccinetto,$bAngelo$0301136 702 1$aCarrieri,$bMimmo 801 0$aIT$bUNINA$gRICA$2UNIMARC 901 $aBK 912 $a990003956030403321 952 $aDPR 28-831$b20736$fDEC 952 $aDPR 28/831$b20736$fDEC 959 $aDEC 959 $aDEC 996 $aDifficile sfida$9513316 997 $aUNINA